000 01484cam a2200445 i 4500
999 _c3267
_d3267
003 UkOxU
005 20211028125637.0
008 141010s2012 enka b 001 0 eng d
020 _a9780077129422 (pbk)
020 _a0077129423 (pbk)
040 _cUkOxU
050 _aHG181
_b.H55 2012
100 1 _aHillier, David,
245 1 0 _aFinancial markets and corporate strategy /
_cDavid Hillier, Mark Grinblatt and Sheridan Titman.
250 _a2nd European edition.
264 1 _aMaidenhead, England :
_bMcGraw-Hill Education,
_c2012.
264 4 _c©2012
300 _axxiv, 854 pages :
_billustrations ;
_c27 cm.
336 _atext
_2rdacontent
336 _atext
_2rdacontent
337 _aunmediated
_2rdamedia
337 _aunmediated
_2rdamedia
338 _avolume
_2rdacarrier
338 _avolume
_2rdacarrier
504 _aIncludes bibliographical references and indexes.
650 0 _aFinancial institutions
_zEurope.
650 0 _aCorporations
_zEurope
_xFinance.
650 0 _aBusiness planning
_zEurope.
650 0 _aStrategic planning
_zEurope.
700 1 _aGrinblatt, Mark,
_eauthor.
700 1 _aTitman, Sheridan,
_eauthor.
942 _2lcc
_cBK
_nCM